[Event "Norwood Centenary"]
[Site "Norwood"]
[Date "1990.04.15"]
[Round "4.15"]
[White "Manning, Cliff"]
[Black "Fereday, Anthony"]
[Result "0-1"]
[WhiteElo "1246"]
[BlackElo "1221"]
[PlyCount "108"]
[EventDate "1990.04.14"]
[EventType "swiss"]
[EventRounds "6"]
[EventCountry "AUS"]

1. d4 Nf6 2. c4 e6 3. Nc3 Bb4 4. Qc2 c5 5. e3 Nc6 {Nimzo-Indian Defence} 6. Nf3
b6 (6... O-O 7. Bd2 d5 8. dxc5 d4 9. Nxd4 Nxd4 10. exd4 Qxd4 11. Be2 Bd7 12. a3
Bxc5 13. Be3 Qe5 14. Bxc5 Qxc5 {
1/2-1/2 Mohanty,P-Sahu,S/Calcutta 1992/EXP 27 (14)}) (6... d5 7. dxc5 Bxc5 8.
a3 O-O 9. cxd5 exd5 10. b4 Bd6 11. Bb2 Bg4 12. Ng5 h6 13. h4 hxg5 14. hxg5 Nh5
15. f3 Qxg5 16. O-O-O Bf5 17. Bd3 Nd4 18. Qf2 Bg3 19. Qg1 Rac8 20. Kb1 Rxc3 21.
e4 Rxd3 22. Rxd3 Ne2 23. Qd1 dxe4 24. Rd5 Nhf4 25. Rb5 exf3+ 26. Ka1 Rd8 27.
Qb3 fxg2 {0-1 Tolstrup,B-Nielsen,J/Copenhagen PC 1996/EXP 54 (27)}) 7. Be2 $146
(7. Bd3 d5 8. O-O Bxc3 9. bxc3 dxc4 10. Bxc4 O-O 11. Bb2 Bb7 12. Bd3 cxd4 13.
exd4 Rc8 14. Qb1 Qc7 15. Re1 h6 16. Ne5 Nd7 17. c4 Ncxe5 18. dxe5 Nc5 19. Ba3
Rfd8 20. Bxc5 Qxc5 21. Qc2 Rd4 {
Engel,M-Scepanik sr,H/Kassel op 1994/GER 08/0-1 (52)}) 7... Bb7 8. O-O Bxc3 9.
bxc3 {Consolidates b4} Na5 10. Nd2 O-O 11. Ba3 Rc8 12. Rab1 Ba6 13. dxc5 bxc5
14. Qa4 d5 15. Rfd1 Qc7 16. Nb3 $15 (16. Bf1 $5 $11 {
is an interesting alternative}) 16... Bxc4 17. Nxa5 Bxe2 18. Rd2 Bh5 $17 (18...
Ne4 19. Rb7 (19. Rxe2 $4 {too greedy} Nxc3 20. Rb7 Nxa4 21. Rxc7 Rxc7 $19)
19... Nxd2 20. Rxc7 Rxc7 21. Nb3 Nxb3 22. axb3 $19) 19. Rb7 Qd6 20. Nc4 Qc6 21.
Qxc6 Rxc6 22. Ne5 Ra6 $11 (22... Rb6 $5 {might be a viable alternative} 23. Rb2
Rxb2 24. Rxb2 Ne4 $15) 23. Bxc5 Ne4 24. Nd7 $17 (24. Bxf8 $142 {
is a viable option} Nxd2 25. Bc5 $14) 24... Nxc5 $11 (24... Nxd2 $142 $5 25.
Bxf8 Rxa2 $17) 25. Nxc5 Rc6 26. Na4 Ra8 27. Rdb2 h6 28. f3 {Covers g4} a5 $14 (
28... Bg6 29. Kf2 $11) 29. Rb8+ Rxb8 30. Rxb8+ Kh7 31. Ra8 Bg6 32. Rxa5 Bc2 33.
Rc5 $4 $19 {weakening the position} (33. Nc5 $142 $16) 33... Ra6 (33... Bxa4
34. Ra5 Bc2 35. Ra3 $19) 34. Nb6 (34. Nb2 $142 Rb6 35. c4 Rxb2 36. cxd5 exd5
37. Ra5 $19) 34... Rxb6 35. Ra5 Rb1+ 36. Kf2 Rb2 37. Kg3 Bb1 38. a4 Ra2 39. Ra7
f6 40. Ra6 Bf5 41. Kf4 (41. Ra8 Bd3 $19) 41... Rxg2 {
Do you see the mate threat?} 42. e4 dxe4 43. fxe4 Bh3 (43... Rg4+ $5 {
and Black can already relax} 44. Kf3 Rxe4 45. a5 $19) 44. a5 g5+ 45. Ke3 Rxh2
46. Ra7+ (46. c4 {doesn't get the cat off the tree} Kg6 $19) 46... Kg6 47. Kd4
(47. c4 {cannot undo what has already been done} e5 $19) 47... Ra2 (47... e5+
$5 {keeps an even firmer grip} 48. Ke3 $19) 48. c4 (48. Ke3 {
a fruitless try to alter the course of the game} g4 49. Ra8 e5 $19) 48... Ra4
49. Kc5 Bf1 50. Ra8 (50. Kd4 {is not the saving move} Bxc4 51. Ke3 Ra3+ 52. Kf2
Ra2+ 53. Kg3 Kh5 $19) 50... Rxc4+ 51. Kb6 (51. Kd6 {is no salvation} Rxe4 52.
Ke7 f5 $19) 51... Ra4 (51... Rxe4 $142 $5 {makes it even easier for Black} 52.
a6 Kf5 53. Rh8 Rb4+ 54. Ka5 Rb5+ 55. Ka4 $19) 52. Re8 (52. Rg8+ {
doesn't change the outcome of the game} Kf7 53. Rh8 Kg7 $19) 52... Rxe4 53. a6
Bxa6 (53... Rb4+ $142 $5 {might be the shorter path} 54. Kc5 Rb5+ 55. Kd4 e5+
56. Ke3 Rb3+ 57. Kf2 Bxa6 58. Re6 Rb2+ 59. Ke3 $19) 54. Kc6 (54. Kxa6 {
a last effort to resist the inevitable} Kh5 55. Kb5 $19) 54... Kh5 (54... Kh5
55. Kd6 f5 $19) (54... h5 {seems even better} 55. Ra8 Ra4 56. Kd6 $19) 0-1

[Event "Norwood Centenary"]
[Site "Norwood"]
[Date "1990.04.15"]
[Round "4.16"]
[White "Steffensen, Neil"]
[Black "Fraser, Lee"]
[Result "1/2-1/2"]
[WhiteElo "1125"]
[BlackElo "1245"]
[PlyCount "84"]
[EventDate "1990.04.14"]
[EventType "swiss"]
[EventRounds "6"]
[EventCountry "AUS"]

1. d4 d5 2. c4 dxc4 3. e4 e5 4. Nf3 exd4 5. Nxd4 {Queen's Gambit Accepted} a6
$11 {Secures b5} (5... c5 6. Qa4+ Bd7 7. Nb5 a6 8. N1c3 Bxb5 9. Nxb5 Qd7 10.
Bxc4 Be7 11. O-O Nf6 12. Re1 Nc6 13. Nc3 O-O 14. Qb3 b5 15. Bd5 c4 16. Qc2 b4
17. Bxc6 Qxc6 18. Nd1 Bc5 19. b3 cxb3 20. axb3 Ng4 21. Qe2 Ne5 22. Bb2 Rfe8 23.
Kh1 Rad8 24. f4 Nd3 25. Qg4 Qg6 26. Qxg6 hxg6 27. Re2 Nxf4 28. Rc2 Rxe4 29. h3
Re1+ 30. Kh2 Rdxd1 31. Rxd1 Rxd1 32. Rxc5 Rd2 33. Be5 Nxg2 34. Kh1 f6 35. Ba1
f5 36. Be5 f4 37. Rc7 f3 38. Rxg7+ Kf8 39. Rxg6 Rd3 40. Bg7+ {
Tompa,N-Gara,T/EU-chJW U10 Szombathely 1993/TD 93\05/0-1 (54)}) (5... Bb4+ $5
6. Nc3 Bxc3+ 7. bxc3 Qh4 $15) 6. Bxc4 b5 $16 (6... Nf6 $142 $5 $11 {
must be considered}) 7. Bd5 Ra7 8. Qf3 $11 (8. Nc6 Nxc6 9. Bxc6+ Bd7 10. Qd4
Bxc6 11. Qxa7 Bxe4 12. Qxa6 Bxg2 13. Rg1 $18) 8... Nf6 9. Nc3 $11 (9. Bg5 Be7
10. Nc6 Nxc6 11. Bxc6+ Bd7 $14) 9... Bb4 $14 (9... Nxd5 10. exd5 (10. Nxd5 $143
c6 $17) 10... c5 11. Nc2 $11) 10. O-O $11 (10. Bg5 O-O $11) 10... Bc5 $14 (
10... Bg4 11. Qg3 O-O 12. h3 $11) 11. Be3 Nxd5 12. Nxd5 Bb6 $4 $18 {
the position is going down the drain. Black is behind in development.} (12...
Rb7 $142 $16) 13. Nxb6 (13. Qg3 $142 $5 {keeps an even firmer grip} O-O 14.
Nxb6 cxb6 15. Qxb8 Rd7 $18) 13... cxb6 14. Rfd1 $16 (14. Qg3 Rb7 15. Qxg7 $18)
14... Qf6 $2 $18 (14... Qh4 $142 $16) 15. Nf5 $4 $16 {
releasing the pressure on the opponent} (15. Qg3 $142 {
it becomes clear that White will call all the shots} Nd7 16. Nf5 $18) 15...
Bxf5 16. exf5 O-O 17. Rd2 $11 (17. Bd4 $142 $5 Qg5 18. f6 $16) 17... Rd7 18.
Rc2 Rd6 19. Re1 $11 (19. Rac1 Nd7 $14) 19... Nd7 $14 (19... Nc6 $5 $11) 20. Bf4
Rd4 21. Rce2 $15 (21. Bg3 $142 $5 $14 {and White is still in the game}) 21...
Qxf5 22. Re4 Rc4 23. Bd6 (23. Rxc4 bxc4 24. Qe3 Rc8 $15) 23... Qxf3 24. gxf3
Nf6 $14 (24... Rxe4 $142 $5 25. fxe4 Rc8 $15) 25. Bxf8 $17 (25. Rxc4 $142 {
and White has air to breath} bxc4 26. Bxf8 Kxf8 27. Rc1 $14) 25... Nxe4 26. Ba3
Nf6 27. Be7 Ra4 $15 (27... Rc2 $5 $17) 28. Rd1 {The mate threat is Rd8} h5 29.
Rd8+ Kh7 30. Rf8 $2 $19 (30. a3 $142 $15 {is the best option White has}) 30...
Kg6 $17 (30... Rxa2 $142 $5 31. Bxf6 gxf6 32. b4 $19) 31. Rh8 $2 $19 (31. a3
$142 $17) 31... Nd5 32. Bf8 (32. Bd6 {does not save the day} Rxa2 33. Be5 Kf5
34. Rxh5+ g5 $19) 32... Rxa2 33. Kg2 Rxb2 34. Kg3 Nf6 (34... Rb1 {
and Black can already relax} 35. f4 $19) 35. Bb4 (35. Be7 $19 {
is still a small chance}) 35... Rxb4 36. Rb8 h4+ (36... Nd5 {
makes it even easier for Black} 37. f4 $19) 37. Kh3 (37. Kg2 {
cannot change what is in store for ?} Nd5 38. Kf1 a5 $19) 37... a5 (37... Nh5
$142 $5 {might be the shorter path} 38. f4 Kf5 39. Kxh4 $19) 38. f4 a4 39. Rxb6
(39. Ra8 {cannot change destiny} Rxf4 40. Ra6 Rxf2 41. Rxb6 Rf3+ 42. Kg2 Rb3
$19) 39... Rxf4 (39... a3 $142 {and Black wins} 40. Ra6 Ra4 41. Rc6 $19) 40.
Rxb5 a3 (40... Ne4 $5 {seems even better} 41. f3 Rxf3+ 42. Kg4 $19) 41. Ra5
Rxf2 (41... Rf3+ $142 $5 {makes it even easier for Black} 42. Kg2 Rd3 43. Ra4
$19) 42. Rg5+ (42. Rxa3 {desperation} Ne4 43. Ra5 $19) 42... Kxg5 (42... Kh6
43. Ra5 a2 44. Rxa2 Rxa2 45. Kxh4 Ra3 46. h3 g5#) 1/2-1/2

[Event "Norwood Centenary"]
[Site "Norwood"]
[Date "1990.04.16"]
[Round "5.1"]
[White "Corner, Michael"]
[Black "Speck, Nicholas S"]
[Result "1/2-1/2"]
[WhiteElo "1923"]
[BlackElo "1907"]
[PlyCount "37"]
[EventDate "1990.04.14"]
[EventType "swiss"]
[EventRounds "6"]
[EventCountry "AUS"]

1. d4 Nf6 2. c4 g6 3. Nc3 Bg7 4. e4 d6 5. f4 O-O 6. Nf3 c5 7. d5 e6 8. Be2 {
King's Indian Defence [Four Pawns' Attack]} exd5 9. exd5 Re8 10. O-O Bf5 11.
Bd3 Qd7 12. Qc2 (12. h3 Na6 13. a3 Nc7 14. g4 Bxg4 15. hxg4 Qxg4+ 16. Kh2 Qh5+
17. Kg2 Qg4+ 18. Kh2 b5 19. Rg1 Qh5+ 20. Kg3 bxc4 21. Bxc4 Re7 22. Qd3 Bh6 23.
Kg2 Rae8 24. Bd2 Bxf4 25. Bxf4 Qg4+ 26. Bg3 Re3 27. Qf1 Nh5 28. Kh2 Rxf3 29.
Qh3 Qxc4 {0-1 Conquest,S-Mestel,A/Hastings 1986/CBM 04 (29)}) (12. Bxf5 Qxf5
13. Nh4 Qg4 14. Qxg4 Nxg4 15. Nf3 Bxc3 16. bxc3 Nd7 17. h3 Ne3 18. Bxe3 Rxe3
19. Rac1 Nb6 20. Nd2 Rae8 21. f5 Re2 22. fxg6 hxg6 23. Rf2 Re1+ 24. Rxe1 Rxe1+
25. Rf1 Rxf1+ 26. Kxf1 f5 {Kladiva,I-Glatt,G/HUN-chT 1994/TD 94\03/0-1 (40)})
12... Bxd3 $146 (12... Na6 13. Bxf5 gxf5 14. a3 Nc7 15. a4 Re7 16. Bd2 Ne4 17.
Rae1 Rae8 18. b3 b6 19. Nd1 Na6 20. Kh1 Nb4 21. Bxb4 cxb4 22. g3 Bf6 23. Rg1
Kh8 24. Nf2 Bc3 25. Rb1 Nc5 26. Rgf1 Re2 27. Qd1 {
Vlasakova,P-Skacelova Zahorovska,L/CSR-chW 1992/TD 93\02/1/2-1/2 (41)}) (12...
Bg4 13. Bd2 Na6 14. a3 Nc7 15. Nh4 b5 16. f5 b4 17. axb4 cxb4 18. Nd1 Be2 19.
Bxe2 Rxe2 20. Qd3 Re4 21. Nf3 a5 22. Nd4 Ree8 23. Nc6 Na6 24. fxg6 fxg6 25.
Rxa5 Ne4 26. Be1 Nac5 27. Qh3 Qxh3 28. gxh3 Rxa5 29. Nxa5 Bd4+ 30. Kg2 Nd3 31.
Nc6 Bc5 32. Na5 Bb6 33. Nc6 Bc5 34. Na5 Kg7 35. Nb7 Bd4 36. h4 Re7 37. Nd8 Nec5
38. Bg3 Bf6 39. Nc6 Re2+ 40. Kh3 Ne4 41. b3 Nxg3 42. hxg3 Rd2 43. Ne3 Nf2+ 44.
Kg2 Ng4+ 45. Kf3 Nh2+ 46. Ke4 Nxf1 47. Nxf1 Rb2 {
0-1 Granero-Blazquez,J/ESP-chJ 1992/TD 92\09 (47)}) 13. Qxd3 Na6 14. Bd2 Nb4
15. Qb1 Ng4 16. a3 Na6 17. Qd3 f5 18. Rae1 Nc7 19. b3 1/2-1/2

[Event "Norwood Centenary"]
[Site "Norwood"]
[Date "1990.04.16"]
[Round "5.2"]
[White "Lee, Simon"]
[Black "Thompson, Alan"]
[Result "1-0"]
[WhiteElo "1859"]
[BlackElo "1774"]
[PlyCount "122"]
[EventDate "1990.04.14"]
[EventType "swiss"]
[EventRounds "6"]
[EventCountry "AUS"]

1. d4 Nf6 2. e3 e6 3. Bd3 d5 4. f4 (4. c3 b6 5. Nd2 Be7 6. f4 O-O 7. Ngf3 Ba6
8. Bxa6 Nxa6 9. Qc2 c5 10. O-O Nc7 11. Ne5 Qc8 12. Rf3 Nb5 13. Qb1 Nd6 14. Nd3
c4 15. Nf2 b5 16. e4 dxe4 17. Ndxe4 Qc6 18. Nxf6+ Bxf6 {
Kick Woerthmueller,I-Lagrotteria,S/Cattolica 1993/TD 93\07/0-1 (50)}) 4... c5
5. c3 Nc6 6. Nf3 {Queen's Pawn Game [Colle System]} cxd4 $146 (6... b6 7. O-O
Bb7 8. Ne5 Bd6 9. Nd2 Qc7 10. Qe2 c4 11. Bc2 O-O-O 12. b3 cxb3 13. axb3 h5 14.
Bd3 Bxe5 15. fxe5 Ne8 16. Ba3 f6 17. exf6 Nxf6 18. e4 e5 19. Rxf6 gxf6 20. exd5
Rxd5 21. Be4 Rdd8 22. d5 Nb8 23. Bf5+ Rd7 24. c4 Kd8 25. Ne4 Rf7 26. Bd6 Na6
27. Bxc7+ {1-0 Radjabov,T-Dos Santos Fier,A/Menorca 1996 (27)}) (6... Be7 7.
Nbd2 Ng4 8. Qe2 f5 9. O-O O-O 10. h3 Nf6 11. Ne5 Ne4 12. Nxe4 fxe4 13. Bc2 Nxe5
14. fxe5 Qb6 15. Rxf8+ Bxf8 16. b3 Bd7 17. Bd2 cxd4 18. exd4 Rc8 19. a3 Be7 20.
Qg4 Bb5 21. b4 a5 22. a4 Bc4 23. b5 Rf8 24. Re1 Rf5 25. Bh6 Bf8 26. Be3 Qc7 27.
Bd1 Bd3 28. Bd2 Qc4 29. Qg3 Be7 30. Bg4 Qxa4 31. Bxf5 exf5 32. e6 Bxb5 33. Qb8+
Be8 34. Qxb7 Bh4 35. Rf1 Qc6 36. Qxc6 Bxc6 37. Rxf5 a4 38. Rf7 Bf6 39. Rc7 Be8
40. Ra7 {1-0 Schindler,V-Voss,H/Hessenliga 1995/GER 11 (40)}) (6... Bd7 7. Nbd2
Qc7 8. Ne5 cxd4 9. exd4 h5 10. Qf3 Be7 11. O-O Rf8 12. a4 Qb6 13. Kh1 Nxd4 14.
cxd4 Qxd4 15. Nxd7 Nxd7 16. Nb3 Qf6 17. Qe2 g6 18. Be3 Bb4 19. Bb5 Qe7 20. Rac1
Kd8 21. a5 a6 22. Ba4 Rc8 23. Rxc8+ Kxc8 24. Rc1+ Kb8 25. Qc2 Qd8 26. Bg1 Nf6
27. Qf2 {1-0 Astolfi Perez,E-Gertosio Serena,S/FRA-chT 1991/TD 91\02 (27)}) 7.
exd4 h6 {Consolidates g5} 8. O-O Bd7 9. Ne5 h5 10. Nd2 Qe7 $16 (10... Bd6 $5
$11 {must definitely be considered}) 11. Ndf3 O-O-O 12. b4 Be8 13. b5 Nxe5 14.
Nxe5 $11 (14. fxe5 $5 Ne4 15. c4 $16) 14... Nd7 15. Qa4 Kb8 16. Rb1 Nb6 17. Qb3
f6 18. Nf3 Qc7 19. Re1 Bd7 20. a4 Nc4 {Menacing} 21. Bxc4 dxc4 22. Qa2 $14 (22.
b6 cxb3 23. bxc7+ Kxc7 $15) 22... Qa5 23. Bd2 $11 (23. Qxc4 $5 Rc8 24. Qe2 Qxc3
25. Bd2 $14) 23... Rc8 24. Qc2 Bd6 25. Re2 Qc7 26. g3 Rce8 27. Rbe1 b6 28. Qg6
Bc8 29. f5 Qb7 30. Kf2 Qd5 31. fxe6 Bb7 $18 (31... Re7 $5 $16) 32. Nh4 Re7 $2 (
32... Rhg8 $142 $18) 33. Qf5 Bc7 (33... Ree8 {doesn't change anything anymore}
34. Qxd5 Bxd5 35. Nf5 $18) 34. Qxd5 Bxd5 35. Ng6 Rhe8 36. Nxe7 Rxe7 37. Bf4 g5
38. Bxc7+ (38. Bc1 $5 {and White can already relax} Kc8 $18) 38... Kxc7 39. h3
Kd6 40. Re3 Kc7 41. Ra1 Kd6 42. h4 Bxe6 43. hxg5 fxg5 44. Rae1 Re8 (44... Rf7+
45. Rf3 $18) 45. Re4 (45. Kg1 Kd7 $18) 45... Re7 $4 {
Black prepares g4. sad, but how else could Black save the game?} (45... Rf8+
$142 46. Kg1 Bh3 $18) 46. R1e2 (46. Kg1 $142 {makes sure everything is clear}
Re8 47. d5 $18) 46... Kd5 $2 (46... Rf7+ 47. Ke1 Rf6 $18) 47. a5 (47. Kg1 $142
$18 {and White has it in the bag}) 47... g4 $2 (47... Rf7+ 48. Kg2 Bg4 $18) 48.
Ke3 (48. axb6 $142 {nails it down} axb6 49. Re5+ Kd6 50. Ke1 $18 (50. Rxh5 $143
Rf7+ 51. Ke1 Ra7 $18)) 48... Rg7 (48... Rf7 49. Kd2 Bd7 50. Re5+ Kd6 51. Rxh5
bxa5 52. Rh6+ Kc7 53. Ra6 $18) 49. Kf4 {Threatening mate... how?} Bd7 50. Re7
Rxe7 51. Rxe7 Bxb5 (51... Kd6 {does not win a prize} 52. axb6 axb6 53. Re5 $18)
52. Kg5 (52. axb6 $142 {and White can celebrate victory} axb6 53. Re5+ Kc6 54.
Rxb5 Kxb5 55. d5 $18) 52... Bc6 $2 (52... bxa5 $142 53. Rxa7 a4 54. Kxh5 Ke4
55. Kxg4 Bc6 $18) 53. Kxh5 b5 (53... bxa5 {is not much help} 54. Re5+ Kd6 55.
Rxa5 $18) 54. Re5+ (54. Kxg4 {might be the shorter path} b4 55. Re5+ Kd6 $18)
54... Kd6 55. Kg5 (55. Kxg4 $142 $5 {seems even better} Bd5 $18) 55... Bd5 (
55... Bd7 56. Kf4 $18) 56. Kxg4 b4 57. cxb4 c3 58. b5 c2 59. Re1 Bc4 60. Rc1
Be2+ 61. Kf4 Bd1 (61... Bd3 {does not solve anything} 62. Ke3 Bxb5 63. Rxc2 $18
) 1-0

[Event "Norwood Centenary"]
[Site "Norwood"]
[Date "1990.04.16"]
[Round "5.3"]
[White "Clarke, Richard"]
[Black "Hoff, Gregory A"]
[Result "1/2-1/2"]
[WhiteElo "1626"]
[BlackElo "1673"]
[PlyCount "95"]
[EventDate "1990.04.14"]
[EventType "swiss"]
[EventRounds "6"]
[EventCountry "AUS"]

1. e4 c5 2. c3 d5 3. exd5 Qxd5 4. d4 Nc6 5. Nf3 {
Sicilian Defence [Alapin Variation]} Bg4 6. Be3 $15 (6. Nbd2 cxd4 7. cxd4 Nf6
8. Bc4 Bxf3 9. Qb3 Nxd4 10. Bxd5 Nxb3 11. Bxb3 Bxg2 12. Rg1 Bc6 13. Nc4 e6 14.
Bd2 Ne4 15. O-O-O Nxf2 16. Rdf1 Nd3+ 17. Kb1 f6 18. Na5 Nc5 19. Bc4 e5 20. Nxc6
bxc6 {Nehlert,P-Lohmar,J/VLSBaden 1993/GER 04/1-0 (31)}) (6. Bb5 a6 7. Bxc6+
Qxc6 8. d5 Qd6 9. O-O Nf6 10. c4 e6 11. Qa4+ Qd7 12. Qxd7+ Nxd7 13. dxe6 Bxe6
14. b3 Be7 15. Bb2 O-O 16. Re1 h6 17. Ne5 Nxe5 18. Bxe5 Rfd8 19. Nc3 Rd2 20.
Ne4 Rd3 21. Bc7 Bf5 22. Ng3 Be6 23. Rad1 Rxd1 24. Rxd1 Rc8 25. Be5 f6 26. Bc3
Rd8 27. Rxd8+ Bxd8 28. Ne4 Be7 29. f3 f5 30. Nd2 Kf7 31. Kf2 g5 32. Be5 Bd7 33.
h3 Ke6 34. Bg7 h5 35. Bh6 Bf6 36. f4 g4 37. Bg5 Bd4+ 38. Kg3 Bc6 39. h4 Be3 40.
Nf1 Bc1 {Chemli,F-Cabello,F/Candas op 1992/TD 92\09/1/2-1/2 (53)}) (6. Be2 cxd4
7. cxd4 e6 $11) 6... cxd4 7. cxd4 e6 8. Nc3 Bb4 9. Be2 Qa5 10. O-O Bxc3 11.
bxc3 {Covers b4} Qxc3 12. Qa4 $17 (12. Rb1 Rb8 $11) 12... Nge7 $4 $16 {
gives the opponent new chances} (12... Qb4 $142 13. Qxb4 Nxb4 $15) 13. d5 $4
$17 {White has let it slip away} (13. Bd2 Bxf3 14. Bxc3 Bxe2 15. Rfe1 $18)
13... Nxd5 $11 (13... Bxf3 $5 14. Bxf3 exd5 $15) 14. Bd4 $4 $19 {
throwing away the advantage} (14. Qxg4 $142 {and White hangs on} Nxe3 15. fxe3
Qxe3+ 16. Rf2 $14) 14... Qb4 15. Qxb4 Ndxb4 16. Bxg7 Rg8 17. Bf6 $2 (17. Bc3
$142 $19) 17... Nd5 18. Be5 (18. Rfb1 $19) 18... Bh3 (18... Nxe5 $142 {
secures the win} 19. Bb5+ Nc6 $19) 19. Bg3 Bxg2 $1 {
the best thing is for Black to hand back some material} 20. Kxg2 Nf4+ 21. Kh1
Nxe2 22. Rab1 Nxg3+ 23. hxg3 O-O-O 24. Rfc1 f6 25. Kg2 Rd6 26. Rc4 e5 27. Rh1
Rg7 28. Nh4 Rd4 29. Rc2 Rgd7 30. Nf3 (30. Nf5 Rd3 $19) 30... R4d5 31. Rh6 R5d6
32. Rc4 Kc7 33. Rch4 Nd4 $17 (33... Kb6 34. Kf1 $19) 34. Rxh7 Nxf3 35. Kxf3
Rxh7 36. Rxh7+ Rd7 $15 (36... Kc6 37. Rf7 $17) 37. Rh6 Rf7 38. Ke4 Kd6 39. g4
$15 (39. Kf5 Ke7 $11) 39... Ke6 40. g5 a6 41. f4 exf4 42. Kxf4 b5 43. Ke4 a5
$11 (43... Rf8 44. Rxf6+ Rxf6 45. gxf6 Kxf6 46. Kd5 $11) 44. Rxf6+ Rxf6 45.
gxf6 b4 46. Kd4 a4 47. Kc4 b3 48. axb3 1/2-1/2

[Event "Norwood Centenary"]
[Site "Norwood"]
[Date "1990.04.16"]
[Round "5.4"]
[White "Zaric, Srboljub"]
[Black "Steffensen, Dennis A"]
[Result "1-0"]
[WhiteElo "2180"]
[BlackElo "1685"]
[PlyCount "59"]
[EventDate "1990.04.14"]
[EventType "swiss"]
[EventRounds "6"]
[EventCountry "AUS"]

1. e4 c5 2. Nf3 Nc6 3. d4 cxd4 4. Nxd4 e5 {Sicilian Defence [Pelikan Variation]
} 5. Nb5 Nf6 6. N1c3 d6 7. Bg5 a6 8. Na3 Be6 9. Nc4 Rc8 10. Bxf6 gxf6 11. Ne3
Nd4 12. Bd3 Bh6 13. Ncd5 Rg8 $146 (13... Bxe3 14. fxe3 Nf5 15. Qf3 Bxd5 16.
exd5 Nh4 17. Qf2 f5 18. Bxf5 Qa5+ 19. c3 Nxf5 20. Qxf5 O-O 21. Qg5+ Kh8 22.
Qf6+ Kg8 23. O-O Qd8 24. Qh6 f5 25. Qe6+ Kg7 26. Rxf5 Rxf5 27. Qxf5 Rc7 28. Rf1
Qe7 29. Qg4+ Kh8 30. Qe6 Qxe6 31. dxe6 {
1-0 Bernath,R-Heiligermann,G/HUN-chT2 1993/TD 93\10 (31)}) (13... f5 14. exf5
Bxd5 15. Nxd5 Qa5+ 16. Nc3 Rxc3 17. bxc3 Qxc3+ 18. Kf1 d5 19. Qe1 Qxe1+ 20.
Rxe1 Bg7 21. c3 Nc6 22. c4 Nb4 23. Be2 Nxa2 24. cxd5 O-O 25. Bf3 Rd8 26. g4 Nc3
27. Kg2 b5 28. g5 {Hausknecht,M-Meier,W/Hessen qual 1992/GER 02/1-0 (45)}) 14.
c3 Bxe3 15. Nxe3 ({Inferior is} 15. cxd4 Bxd4 16. Kf1 f5 $19) 15... Nc6 16. Be2
Ne7 17. Bf3 Rc7 18. Qa4+ Kf8 19. Rd1 f5 20. exf5 Nxf5 21. Nxf5 Bxf5 22. Qb3 $11
(22. Qb4 $142 $5 $14 {is an interesting idea}) 22... Rd7 (22... e4 23. Be2 $15)
23. Bxb7 a5 $16 (23... Be6 $5 {should be considered} 24. Bd5 Rxg2 25. Bxe6 Qf6
$14) 24. Qb5 e4 $18 (24... Qb8 $142 $5 25. Bc6 Qxb5 26. Bxb5 Rc7 $16) 25. Bc6 (
25. Qxf5 $6 Rxb7 26. Rd2 Rxg2 27. Qxh7 Qg5 28. Qh8+ Ke7 $16) 25... Rc7 26. Qxf5
Rxc6 27. O-O Rc5 $4 {the pressure is too much, Black crumbles} (27... Rb6 $142
28. b3 a4 29. bxa4 Qa8 $18) 28. Qxc5 $3 {the opponent will choke on this} Qh4 (
28... Rg6 {doesn't do any good} 29. Qf5 $18) 29. Qxd6+ Kg7 30. Qg3+ (30. Qg3+
Qxg3 31. fxg3 $18) (30. Rfe1 {might be the shorter path} Re8 $18) 1-0

[Event "Norwood Centenary"]
[Site "Norwood"]
[Date "1990.04.16"]
[Round "5.5"]
[White "Hannagan, Peter"]
[Black "Freytag, Justin"]
[Result "0-1"]
[WhiteElo "1651"]
[BlackElo "1909"]
[PlyCount "64"]
[EventDate "1990.04.14"]
[EventType "swiss"]
[EventRounds "6"]
[EventCountry "AUS"]

1. e4 e5 2. Nf3 Nc6 3. Bb5 a6 4. Bxc6 dxc6 {Ruy Lopez [Exchange Variation]} 5.
d3 f6 6. Be3 (6. h3 Be6 7. Nbd2 Qd7 8. b3 O-O-O 9. Bb2 c5 10. a3 Ne7 11. Nf1
Nc6 12. Ne3 h5 13. Nh4 Qf7 14. Qd2 g6 15. g3 Bd6 16. O-O-O Nd4 17. Kb1 Rdg8 18.
Nhg2 g5 19. g4 hxg4 20. hxg4 Rh7 {
Oganessiants,E-Tsomaia,S/Erevan op 1996/EXP 52/0-1 (52)}) 6... c5 7. c4 $146 (
7. Nbd2 Be6 8. O-O Qd7 9. a4 a5 10. Nc4 b6 11. Nfd2 g5 12. Nb1 Ne7 13. Nc3 h5
14. Qe2 Ng6 15. f3 Be7 16. Kh1 Bd8 17. Rad1 c6 18. b3 Bc7 19. Qf2 Kf7 20. Ne2
Rad8 21. Qe1 Kg7 22. Qc3 Nf4 23. Ng1 Bf7 24. Bf2 Ne6 25. h4 Qe7 26. Bg3 Nf4 27.
Ne3 Be6 28. Qe1 Qd7 29. Ne2 Ng6 30. Qf2 Rdf8 31. Qe1 Bd8 32. Nc4 b5 33. axb5
cxb5 34. Nxa5 gxh4 35. Bf2 Be7 36. Ra1 h3 37. gxh3 Bxb3 38. Kh2 Bxc2 39. Ng3
Nh4 40. Qe3 Bxd3 41. Rfd1 c4 {
Mahayri,S-Ivanchuk,V/Thessaloniki olm 1988/TD 88\06/0-1 (53)}) 7... Bg4 8. h3
Bxf3 9. gxf3 Qd7 10. Nc3 Rd8 $11 {Attacks the backward pawn on d3} (10... O-O-O
11. Nd5 $15) 11. Ke2 Bd6 12. Qc2 $15 (12. Qb3 c6 $11) 12... Ne7 13. Rag1 O-O
14. h4 Kh8 15. h5 f5 16. exf5 Qxf5 17. Rg3 Qf7 18. Ne4 {A valuable piece} Nf5
19. Rgh3 Be7 20. Kd1 $17 (20. Rg1 b5 $15) 20... b5 21. cxb5 {
c5 draws heavy fire} Qxa2 22. bxa6 c4 23. Bc5 cxd3 $17 (23... Rxd3+ 24. Kc1
Rfd8 25. Nc3 Qa1+ 26. Qb1 Qxb1+ 27. Kxb1 Bxc5 28. Ne4 $19) 24. Qc3 Rb8 $15 (
24... h6 $142 $5 25. a7 Bxc5 26. Nxc5 Nd4 27. Nxd3 Qxa7 $19) 25. Bxe7 $4 $19 (
25. h6 $142 {had to be tried to avoid defeat} Qa1+ 26. Qc1 Qa4+ 27. Kd2 $11)
25... Rxb2 $1 {the punch. Threatening mate... how?.} 26. Nd2 (26. Bxf8 $4 {
cheese in a trap} Rb1+ 27. Qc1 Qe2#) 26... Nxe7 (26... Qa4+ $142 {
and Black has prevailed} 27. Nb3 {
the only proper thing is for White to hand back some goodies} Rxb3 $19) 27.
Qxd3 Nd5 {The mate threat is Nf4} 28. Rh4 Nf4 {Threatening mate: Nxd3} 29. Rxf4
exf4 30. Ke2 Re8+ 31. Kd1 (31. Kf1 {otherwise it's curtains at once} Rxd2 32.
Qxd2 Qxd2 33. a7 $19) 31... Qa1+ 32. Nb1 Rxb1+ (32... Rxb1+ 33. Qxb1 Qxb1+ 34.
Kd2 Rd8+ 35. Kc3 Qd3+ 36. Kb4 Rd4+ 37. Kc5 Qc4#) 0-1